1885 1436 1329 1205 1360 1352 1028 1730 1076 1283 1700 1425 1827 1939 1490 1717 1491 1124 1838 1165 1329 1650 1872 1359 1486 1416 1665 1515 1252 1021 1887 1117 1891 1197 1571 1926 1881 1257 1956 1699 1257 1628 1957 1413 1597 1951 1171 1861 1310 1790 1421 1781 1291 1052 1654 1689 1868 1834 1460 1031 1680 1540 1050 1913 1458 1241 1418 1179 1059 1956 1984 1624 1961 1675 1704 1477 1689 1234 1416 1099 1850 1753 1361 1977 1164 1133 1576 2000 1215 1957 1380 1302 1449 1808 1684 1740 1247 1801 1425 BCNSPRNW ULIB Ver.6.0+V

เปลี่ยนเป็นภาษาไทย

Change to English
 แสดงรายละเอียดบรรณานุกรม
  กลับหน้าหลัก

Brief Record : Get Marc (ISO 2709) : E-mail record : QR code < ปิดหน้าต่าง
LEADER : 00000nam 2200000uu 4500
001    13399115048
003     ULIB
008    120705s2539||||th 000 0 tha d
020    ^a9746345907
060 04 ^aQU21^bธ424ร 2539
100 0  ^aธาดา สืบหลินวงศ์
245 10 ^aชีวเคมีทางการแพทย์ =^bMedical biochemistry /^cธาดา
246 31 ^aMedical biochemistry
250    ^aพิมพ์ครั้งที่ 3 (ฉบับปรับปรุงเพิ่มเติม)
260    ^aกรุงเทพฯ :^bสำนักพิมพ์จุฬาลงกรณ์มหาวิทยาลัย,^c2539
300    ^a302 หน้า :^bภาพประกอบ ;^c26 ซม.
500    ^aSend to Single Search
591    ^aLICL มีปี 2539, 2542 (พิมพ์ครั้งที่ 4)
591    ^aLICF มีปี 2542
591    ^aLISI มีปี 2542
591    ^aLINU มีปี 2539, 2542 (พิมพ์ครั้งที่ 4)
650  4 ^aชีวเคมี
700 0  ^aนวลทิพย์ กมลวารินทร์
945    ^p0^l0^i5764
995    ^aกัณชพร
999 ^a ใช้งานได้ทุกระบบ
รายการนี้ยังไม่มีแท็ก
คุณยังไม่ได้ล็อกอิน คุณสามารถมีกิจกรรมร่วมกับเว็บไซต์ได้ แต่ต้องล็อกอินก่อน ::
  ล็อกอิน

รายการสื่อสารสนเทศ

ลำดับที่ ประเภท เลขเรียก/บาร์โค้ด สถานที่ สถานะ
- ไม่พบข้อมูล -

รายการใกล้เคียง
    หัวเรื่อง [ชีวเคมี]

BibComment


ยังไม่เคยถูกคอมเมนท์

คอมเมนท์ทรัพยากรรายการนี้
  คอมเมนท์: ชีวเคมีทางการแพท..


 Copyright 2026. Bcnsprnw @Library